| 000 | 00519nam a2200193 a 4500 | ||
|---|---|---|---|
| 001 | 000022815 | ||
| 005 | 20200930021819.0 | ||
| 008 | 101118s1993 sp 000 0 spa d | ||
| 020 | _a8486307724 | ||
| 082 |
_a86.64 _bL297f |
||
| 100 | 1 |
_aLanzas, Fernando. _946871 |
|
| 245 | 1 | 3 |
_aEl frente de Madrid / _cFernando Lanzas. |
| 260 |
_aSevilla : _bRenacimiento, _c1993. |
||
| 300 |
_a47 p. ; _c17 cm. |
||
| 650 | 4 |
_aPoesía española _9631 |
|
| 650 | 4 |
_aLiteratura española _9632 |
|
| 049 | _aBNGR | ||
| 999 |
_c22312 _d22312 |
||
| 040 | _aDO-SdBNP | ||